1573 1211 1584 1489 1369 1380 1502 1323 1562 1155 1745 1701 1699 1341 1283 1750 1872 1491 1629 1214 1217 1496 1533 1017 1977 1862 1772 1714 1578 1583 1929 1718 1293 1257 1188 1919 1066 1124 1234 1694 1315 1932 1117 1558 1701 1557 1474 1431 1484 1689 1159 1078 1022 1824 1344 1467 1073 1746 1044 1887 1445 1375 1719 1686 1494 1876 1983 1878 1155 1262 1219 1158 1129 1483 1209 1920 1813 1573 1100 1735 1634 1246 1563 1622 1826 1218 1615 1338 1282 1918 1190 1145 1131 1536 1977 1826 1881 1227 1197 BCNSPRNW ULIB Ver.6.0+V

เปลี่ยนเป็นภาษาไทย

Change to English
 แสดงรายละเอียดบรรณานุกรม
  กลับหน้าหลัก

Brief Record : Get Marc (ISO 2709) : E-mail record : QR code < ปิดหน้าต่าง
LEADER : 00000nam 2200000uu 4500
001    13399113373
003     ULIB
008    110316s2551||||th 000 0 tha d
020    9741109494
060 04 WY159^bส838ก 2551
100 0  สุภารัตน์ ไวยชีตา
245 00 การพยาบาลผู้ป่วยวิกฤตเด็ก=^b Advanced Pediatric Critical Care Nursing /^cสุภารัตน์ ไวยชีตา, ธิติดา ชัยศุภมงคลลาภ, เรณู พุกบุญมี
246 31 Advanced Pediatric Critical Care Nursing
250    พิมพ์ครั้งที่ 1
260    กรุงเทพฯ:^bคณะแพทยศาสตร์ มหาวิทยาลัยมหิดล,^c2551
300    284 หน้า :^bภาพประกอบ ;^c27 ซม.
650  7 ผู้ป่วยวิกฤตเด็ก
650  7 ผู้ป่วยวิกฤตเด็ก
710 2  มหาวิทยาลัยมหิดล. ^bคณะแพทยศาสตร์
945    ^p0^l0^i023403
945    ^p0^l0^i023404
995    ทศพร
999 ^a ใช้งานได้ทุกระบบ
รายการนี้ยังไม่มีแท็ก
คุณยังไม่ได้ล็อกอิน คุณสามารถมีกิจกรรมร่วมกับเว็บไซต์ได้ แต่ต้องล็อกอินก่อน ::
  ล็อกอิน

รายการสื่อสารสนเทศ

ลำดับที่ ประเภท เลขเรียก/บาร์โค้ด สถานที่ สถานะ
- ไม่พบข้อมูล -

รายการใกล้เคียง
    ผู้แต่ง [สุภารัตน์ ไวยชีตา]

BibComment


ยังไม่เคยถูกคอมเมนท์

คอมเมนท์ทรัพยากรรายการนี้
  คอมเมนท์: การพยาบาลผู้ป่วยว..


 Copyright 2026. Bcnsprnw @Library